000 00289nam a22001217a 4500
008 181022b xxu||||| |||| 00| 0 eng d
041 _aeng
080 _a321
100 _a21
101 _apol
245 _aEssence Decison Explaining The Cuban Crisis
_cAllison.gT
942 _2udc
_cBK
999 _c50403
_d50403